| 000 | 00423cam a2200157ua 4500 | ||
|---|---|---|---|
| 041 |
_aeng _h |
||
| 082 |
_a338.624 _bSHE/SM |
||
| 100 | _aShetty, M.C . | ||
| 245 |
_aSmall scale and house hold Industries in a devoloping economy / _cShetty M.C. _hTextual Documents |
||
| 250 |
_a1 / _b. |
||
| 260 |
_aMumbai : _bAsia Publishing House , _c1963. |
||
| 300 | _a232 ; . | ||
| 504 | _a | ||
| 942 | _cBK | ||
| 999 |
_c12464 _d12464 |
||